MARC

LEADER 00000nas a2200000 i 4500
001 ssj0001077881
003 WaSeSS
005 20200512172242.0
006 m d
007 cr n
008 140107u20uuuuuuenka| p|s|||||| |0por d
035 |a (WaSeSS)ssj0001077881 
040 |a WaSeSS  |b eng  |c WaSeSS  |d WaSeSS 
043 |a s-bl--- 
050 1 4 |a HD61 
245 0 0 |a Risk Brasil  |h [electronic resource]. 
260 |a London :  |b Incisive Media Plc 
310 |a Annual 
506 |a License restrictions may limit access. 
588 |a Description based on: Outono de 2011; title from article pdf (ProQuest, viewed Jan. 7, 2014). 
588 |a Latest issue consulted: Outono de 2011 (viewed Jan. 7, 2014). 
650 0 |a Risk management  |z Brazil  |v Periodicals. 
650 0 |a Financial risk management  |z Brazil  |v Periodicals. 
650 0 |a Risk management  |v Periodicals. 
650 0 |a Financial risk management  |v Periodicals. 
655 0 |a Electronic journals. 
856 4 0 |z Full text available from Research Library: 10/01/2011 to 10/31/2011  |u https://search.proquest.com/publication/666322